| 000 | 01005nam a2200313 a 4500 | ||
|---|---|---|---|
| 005 | 20140310183353.0 | ||
| 008 | 120914s19uu xx 00 eng d | ||
| 020 | _a9781606130049 | ||
| 050 |
_aRC 531 _b.C45 2011 |
||
| 100 | _aChalfant, Anne M. | ||
| 245 |
_aManaging anxiety in people with autism : _ba treatment guide for parents, teachers, and mental health professionals / _cAnne M. Chalfant. |
||
| 250 | _a1st ed. | ||
| 260 |
_aBethesda, MD : _bWoodbine House, _c2011. |
||
| 300 |
_a283 p. : _c22 cm. |
||
| 440 | _aTopics in Autism | ||
| 500 | _aIncludes bibliographical references and index. | ||
| 521 | _aEDU | ||
| 650 |
_aAnxiety disorders _xTreatment |
||
| 650 |
_aAutism in children _xTreatment |
||
| 650 | _aFamily psychotherapy | ||
| 650 |
_aAnxiety Disorders _xTherapy |
||
| 650 | _aChild | ||
| 650 | _aAdolescent | ||
| 650 |
_aAnxiety _xTherapy |
||
| 650 |
_aAutistic disorder _xComplications |
||
| 650 |
_aFamily _xPsychology |
||
| 942 |
_cBK _2lcc _kFOR |
||
| 999 |
_c22146 _d22146 |
||